25 Famous People from Argentina - Statistics

General Stats
  • This quiz has been taken 135 times
    81 since last reset
  • The average score is 12 of 25
Answer Stats
Hint Answer % Correct
Marxist revolutionary, guerrilla leader and a major figure of the Cuban Revolution Che Guevara
96%
Top goal scorer and most capped player of the Argentina national football team Lionel Messi
93%
Footballer who scored the "Hand of god" goal at 1986 FIFA World Cup Diego Maradona
89%
First Lady of Argentina from 1946 until her death in 1952 {Eva} Perón
81%
President who reigned first from 1946 to 1955 and then from 1973 to 1974 {Juan} Perón
75%
Head of the Catholic Church whose real name is Jorge Mario Bergoglio Pope Francis
75%
Footballer who played a major role in Real Madrid's domination during the 1950s Alfredo Di Stéfano
63%
Male tennis player who won US Open in 2009 Juan Martín Del Potro
62%
Race car driver who dominated the first 10 years of Formula One racing Juan Manuel Fangio
59%
Basketball player who played for the San Antonio Spurs for his entire NBA career Manu Ginobili
58%
Football player nicknamed Batigol Gabriel Batistuta
56%
Leader of South America's successful struggle for independence from the Spanish Empire José de San Martin
49%
Female tennis player who won US Open in 1990 Gabriela Sabatini
42%
Writer whose best-known books are Fictions and The Aleph Jorge Luis Borges
41%
Argentine-British-American actress who played main role in the miniseries Queen's Gambit Anya Taylor-Joy
40%
Queen of the Netherlands born in Argentina Máxima
38%
Male tennis player who won four Grand Slam titles between 1977 and 1979 Guillermo Vilas
34%
Regarded as the world's most famous tango singer of all time Carlos Gardel
33%
Tennis player who reached the highest ranking in singles of world No. 3 in 2006 David Nalbandian
32%
Basketball power forward who played 10 seasons in the NBA Luis Scola
27%
Actor who starred in the Oscar winning film for Best Foreign Picture The Secret in Their Eyes Ricardo Darín
27%
French-Argentine actress who played Christiana in A Knight's Tale and Peppy Miller in The Artist Bérénice Bejo
15%
Physician and biochemist who received the 1970 Nobel Prize in Chemistry Luis Federico Leloir
14%
Supermodel who rose to prominence in the 1990s and who worked for Versace and Cavalli Valeria Mazza
11%
Actress who played in The Stain, Frida, Alias and The Twilight Saga Mía Maestro
3%
No matching quizzes found
Score Distribution
Percent of People with Each Score
Percentile by Number Answered
Your Score History
You have not taken this quiz since the last reset